| 000 | | | 04209cbm2a2200000#x 450 |
| 001 | | | ef72dc0a-4ce3-4a43-9144-f23e3d0bb5b9 |
| 005 | | | 20211214145757.0 |
| 100 | ## | $a | 20131002l17831783k y0rusy0189 ca |
| 101 | 0# | $a | lat |
| 102 | ## | $a | RU |
| 251 | ## | $c | Дело |
| 225 | 0# | $a | Фонд Бумаги М. М. Сперанского |
| | $h | Опись № 2 |
| 461 | #0 | $1 | 00123e82967-913a-4648-a7df-fbc6a427c586 |
| | $1 | 2001 |
| | $a | Бумаги М. М. Сперанского |
| | $1 | 251 |
| | $c | Фонд |
| | $1 | 852 |
| | $j | 1251 |
| 801 | #0 | $a | RU |
| | $b | РГИА |
| | $c | 20131002 |
| 801 | #1 | $a | RU |
| | $b | ГлавНИВЦ |
| | $c | 20131002 |
| | $2 | rusmarc |
| 801 | #2 | $a | RU |
| | $b | ПБ им. Б.Н. Ельцина |
| | $c | 20131003 |
| | $g | RCR |
| | $2 | rusmarc |
| 850 | ## | $a | Федеральное казенное учреждение "Российский государственный исторический архив" (РГИА) |
| 852 | ## | $a | РГИА |
| | $j | 49 |
| 937 | ## | $a | ASBIBLIO_SCAN |
| | $b | РГИА_1251:_2:_49: |
| | $d | 5493783 |
| | $h | РГИА |
| 200 | 1# | $a | Записка о семинариях |
| | $j | 1783 |
| | $d | Institutum Seminarü Generalis |
| | $z | lat |
| 215 | ## | $a | 15 листов |
| 035 | ## | $a | ef72dc0a-4ce3-4a43-9144-f23e3d0bb5b9 |
| 122 | 0# | $a | d1783###### |
| 300 | ## | $a | Рукописный текст. Чернила |
| 300 | ## | $a | На латинском языке |
| 462 | #0 | $1 | 0018bf291aa-3d98-40c1-96db-13b36ec0df9b |
| | $1 | 2001 |
| | $a | 1783-1837 гг. |
| | $v | Д. 49 |
| | $1 | 251 |
| | $c | Дело |
| | $1 | 852 |
| | $j | 2 |
| 510 | 1# | $a | Institutum Seminarü Generalis |
| | $z | lat |
| 606 | 1# | $2 | nlr_sh |
| | $3 | RU\NLR\AUTH\661347964 |
| | $a | Духовное образование |
| | $j | Архивные дела |
| 686 | ## | $a | 63.3(2)513-37 |
| | $2 | LBC/M |
| | $3 | rubbk |
| 605 | ## | $2 | acquisition_Prlib |
| | $3 | LIBNET\UAF\0000061531 |
| | $a | М. М. Сперанский |
| | $l | коллекция |